000 00321nam a2200133Ia 4500
008 190216s9999||||xx |||||||||||||| ||und||
100 _aAlpheus. W. Smith And John . N .coper
245 0 _aElements Of Physics
250 _a5th Ed.
260 _bMcgraw -hill
_c1964
300 _a717p
650 _aPhysics
942 _cBK
999 _c32723
_d32723